[Event "POL-chT 1st League"]
[Site "Darlowo"]
[Date "2024.09.14"]
[Round "1.15"]
[White "Hnydiuk, Aleksander"]
[Black "Miroslaw, Michal"]
[Result "1/2-1/2"]
[WhiteElo "2350"]
[BlackElo "2222"]
[PlyCount "75"]
[EventDate "2024.09.14"]
[EventType "team-swiss"]
[EventRounds "9"]
[EventCountry "POL"]
[SourceTitle "EXT 2025"]
[Source "ChessBase"]
[SourceDate "2024.10.14"]
[SourceVersion "1"]
[SourceVersionDate "2024.10.14"]
[SourceQuality "1"]

1. Nf3 d5 2. d4 Nf6 3. c4 e6 4. g3 Bb4+ 5. Bd2 Be7 6. Bg2 0-0 7. 0-0 a5 8. Bc3 c6 9. Nbd2 dxc4 10. Nxc4 b5 11. Nce5 Bb7 12. Rc1 Qb6 13. Qc2 Nbd7 14. Ng5 g6 15. Rfd1 b4 16. Be1 Nxe5 17. dxe5 Ng4 18. Nf3 c5 19. h3 Nh6 20. g4 Rfd8 21. Bd2 Kg7 22. Be3 Rac8 23. Rxd8 Qxd8 24. Rd1 Qc7 25. Bf4 Ng8 26. Nd2 Bxg2 27. Kxg2 c4 28. Rc1 g5 29. Bg3 c3 30. bxc3 Qxc3 31. Qxc3 Rxc3 32. Nb3 a4 33. Rxc3 bxc3 34. Nd4 Bc5 35. Nc2 Ne7 36. Kf3 Nd5 37. Ke4 Kg6 38. Kd3 1/2-1/2

[Event "POL-chT 2nd League"]
[Site "Sypniewo"]
[Date "2021.09.12"]
[Round "9.4"]
[White "Miroslaw, Michal"]
[Black "Brzezinski, Mateusz"]
[Result "1/2-1/2"]
[WhiteElo "2269"]
[BlackElo "2189"]
[PlyCount "37"]
[EventDate "2021.09.04"]
[EventType "team-swiss"]
[EventRounds "9"]
[EventCountry "POL"]
[SourceTitle "CBM 204 Extra"]
[Source "ChessBase"]
[SourceDate "2021.11.30"]
[SourceVersion "1"]
[SourceVersionDate "2021.11.30"]
[SourceQuality "1"]
[WhiteTeam "Lublin Drakon SKOK Chmielewskiego"]
[BlackTeam "Bydgoszcz Hetman"]
[WhiteTeamCountry "POL"]
[BlackTeamCountry "POL"]

1. e4 c6 2. d4 d5 3. Nd2 dxe4 4. Nxe4 Nf6 5. Nxf6+ gxf6 6. Bc4 Bf5 7. Bf4 Qb6 8. Bb3 Nd7 9. Ne2 0-0-0 10. Qd2 e5 11. Be3 Qc7 12. 0-0-0 Nc5 13. Qc3 Nxb3+ 14. axb3 Be7 15. dxe5 fxe5 16. Bc5 Bg5+ 17. Be3 Be7 18. Bc5 Bg5+ 19. Be3 1/2-1/2

[Event "POL-chT 2nd League"]
[Site "Sypniewo"]
[Date "2021.09.05"]
[Round "2.2"]
[White "Chojnacki, Slawomir"]
[Black "Miroslaw, Michal"]
[Result "0-1"]
[WhiteElo "2150"]
[BlackElo "2269"]
[PlyCount "118"]
[EventDate "2021.09.04"]
[EventType "team-swiss"]
[EventRounds "9"]
[EventCountry "POL"]
[SourceTitle "CBM 204 Extra"]
[Source "ChessBase"]
[SourceDate "2021.11.30"]
[SourceVersion "1"]
[SourceVersionDate "2021.11.30"]
[SourceQuality "1"]
[WhiteTeam "Chroscice Victoria"]
[BlackTeam "Lublin Drakon SKOK Chmielewskiego"]
[WhiteTeamCountry "POL"]
[BlackTeamCountry "POL"]

1. d4 d5 2. Nf3 Nf6 3. Bf4 c5 4. e3 Nc6 5. Nc3 Bg4 6. Be2 e6 7. 0-0 Bxf3 8. Bxf3 cxd4 9. exd4 Bd6 10. Bxd6 Qxd6 11. Nb5 Qd7 12. c3 0-0 13. Re1 Rfc8 14. Be2 a6 15. Na3 b5 16. Nc2 Qd6 17. a3 Rab8 18. Nb4 a5 19. Nxc6 Rxc6 20. Bd3 Qf4 21. g3 Qc7 22. Qe2 Qb6 23. Qe5 Nd7 24. Qf4 Qc7 25. Qh4 g6 26. Qg5 Kg7 27. h4 f6 28. Qg4 f5 29. Qg5 Nf6 30. h5 Qf7 31. hxg6 Qxg6 32. Qf4 Rb7 33. Kg2 Nh5 34. Qh4 Qg4 35. Qxg4+ fxg4 36. Re5 Nf6 37. Rae1 Rbb6 38. Rg5+ Kh6 39. Rge5 Kg7 40. Rh1 h6 41. f3 b4 42. cxb4 axb4 43. a4 b3 44. Rhe1 Rb4 45. Rxe6 Rxe6 46. Rxe6 Kf7 47. Bf5 Rxd4 48. a5 Rd2+ 49. Kf1 gxf3 50. Rb6 Ne4 51. Bxe4 dxe4 52. Rxb3 Rd1+ 53. Kf2 Rd2+ 54. Ke1 Re2+ 55. Kf1 e3 56. a6 Rf2+ 57. Kg1 Rg2+ 58. Kh1 Rxg3 59. Kh2 f2 0-1

[Event "POL-chT 2nd League"]
[Site "Jastrzebia Gora"]
[Date "2019.09.14"]
[Round "8.7"]
[White "Miroslaw, Michal"]
[Black "Goluch, Piotr"]
[Result "1-0"]
[WhiteElo "2284"]
[BlackElo "2428"]
[PlyCount "91"]
[EventDate "2019.09.07"]
[EventType "team-swiss"]
[EventRounds "9"]
[EventCountry "POL"]
[SourceTitle "EXT 2020"]
[Source "ChessBase"]
[SourceDate "2019.10.17"]
[SourceVersion "1"]
[SourceVersionDate "2019.10.17"]
[SourceQuality "1"]
[WhiteTeam "Lublin LKSz"]
[BlackTeam "Bogatynia UKS SP3"]
[WhiteTeamCountry "POL"]
[BlackTeamCountry "POL"]

1. e4 c6 2. d4 d5 3. Nd2 dxe4 4. Nxe4 Bf5 5. Nc5 b6 6. Nb3 e6 7. Nf3 Nf6 8. g3 Nbd7 9. Bg2 Rc8 10. 0-0 Be7 11. c4 0-0 12. Qe2 Qc7 13. Bf4 Bd6 14. Bxd6 Qxd6 15. Rfd1 Bg4 16. h3 Bxf3 17. Qxf3 Rfd8 18. Qe3 b5 19. Na5 Re8 20. c5 Qc7 21. Nxc6 h6 22. Qa3 Nd5 23. Nb4 Nxb4 24. Qxb4 Rb8 25. Rac1 Nf6 26. Rd3 a5 27. Qd2 Red8 28. d5 exd5 29. Bxd5 Nxd5 30. Rxd5 Rxd5 31. Qxd5 Rd8 32. Qe4 Rd2 33. Rc2 Rd1+ 34. Kg2 g5 35. c6 b4 36. Rc5 Rd2 37. Rd5 Rxd5 38. Qxd5 Kf8 39. Kf3 Kg7 40. Qd7 Qb6 41. c7 b3 42. c8Q Qf6+ 43. Qf5 Qxb2 44. Qc7 bxa2 45. Qcxf7+ Kh8 46. Q5h7# 1-0

[Event "POL-chT 2nd League"]
[Site "Jastrzebia Gora"]
[Date "2019.09.11"]
[Round "5.14"]
[White "Flak, Pawel"]
[Black "Miroslaw, Michal"]
[Result "0-1"]
[WhiteElo "2205"]
[BlackElo "2284"]
[PlyCount "102"]
[EventDate "2019.09.07"]
[EventType "team-swiss"]
[EventRounds "9"]
[EventCountry "POL"]
[SourceTitle "EXT 2020"]
[Source "ChessBase"]
[SourceDate "2019.10.17"]
[SourceVersion "1"]
[SourceVersionDate "2019.10.17"]
[SourceQuality "1"]
[WhiteTeam "Plock Stowarzyszenie"]
[BlackTeam "Lublin LKSz"]
[WhiteTeamCountry "POL"]
[BlackTeamCountry "POL"]

1. d4 d5 2. Nf3 c5 3. e3 Nc6 4. c4 e6 5. Nc3 Nf6 6. Be2 Be7 7. 0-0 0-0 8. cxd5 exd5 9. b3 Bg4 10. Bb2 Bxf3 11. Bxf3 cxd4 12. exd4 Qd7 13. Na4 b6 14. Rc1 Rac8 15. Qe2 Rfe8 16. Qd3 Nb4 17. Qb1 Rxc1 18. Rxc1 Ne4 19. Rd1 Ng5 20. Be2 Bd6 21. Nc3 Qe6 22. Bc1 Nf3+ 23. Kh1 Nxh2 24. Be3 Ng4 25. Bxg4 Qxg4 26. a3 Nc6 27. b4 Rxe3 28. fxe3 Qg3 29. Kg1 Qxe3+ 30. Kh1 Qg3 31. Kg1 Qxc3 32. Rd3 Qc4 33. Qd1 Ne7 34. Qd2 Qc8 35. Rf3 Qg4 36. Kf1 g6 37. Qc3 Kg7 38. b5 Nf5 39. a4 Nxd4 40. Re3 Be5 41. Qd3 Qf4+ 42. Kg1 Nf5 43. Rf3 Qxa4 44. Qxd5 Qa1+ 45. Kf2 Bd4+ 46. Ke2 Qb2+ 47. Ke1 Qc1+ 48. Ke2 Qc2+ 49. Ke1 Bc3+ 50. Kf1 Qc1+ 51. Kf2 Qe1# 0-1

[Event "POL-chT 1st League"]
[Site "Poronin"]
[Date "2017.09.04"]
[Round "3.2"]
[White "Miroslaw, Michal"]
[Black "Nguyen, Piotr"]
[Result "1-0"]
[WhiteElo "2270"]
[BlackElo "2409"]
[PlyCount "171"]
[EventDate "2017.09.02"]
[EventType "team-tourn"]
[EventRounds "9"]
[EventCountry "POL"]
[SourceTitle "CBM 180 Extra"]
[Source "ChessBase"]
[SourceDate "2017.10.06"]
[SourceVersion "1"]
[SourceVersionDate "2017.10.06"]
[SourceQuality "1"]
[WhiteTeam "Lublin Drakon"]
[BlackTeam "Pegow Wieza"]
[WhiteTeamCountry "POL"]
[BlackTeamCountry "POL"]

1. e4 c5 2. Nf3 Nc6 3. d4 cxd4 4. Nxd4 g6 5. c4 Nf6 6. Nc3 d6 7. Be2 Bg7 8. Be3 0-0 9. 0-0 Bd7 10. f3 Nxd4 11. Bxd4 a5 12. b3 Bc6 13. Qd2 Nd7 14. Be3 Nc5 15. Rab1 e6 16. Rfd1 Be5 17. Bd4 Qe7 18. a3 a4 19. Bxe5 dxe5 20. b4 Nb3 21. Qe3 Nd4 22. Rd3 Rfd8 23. Bd1 Rd6 24. b5 Be8 25. Nxa4 Rad8 26. Nb2 b6 27. Rc3 f5 28. a4 f4 29. Qf2 Qc7 30. Rbc1 Nf5 31. exf5 Rd2 32. Be2 Rxb2 33. R3c2 Rxc2 34. Rxc2 exf5 35. c5 e4 36. Bc4+ Kg7 37. cxb6 Rd1+ 38. Bf1 Qd6 39. Rc1 Rxc1 40. Qb2+ Kf8 41. Qxc1 Qxb6+ 42. Kh1 Qa5 43. fxe4 Qxa4 44. exf5 Qb4 45. Qc7 gxf5 46. Qxh7 Qb1 47. Qh8+ Kf7 48. Qh5+ Kf6 49. Qe2 Bf7 50. Kg1 Qb4 51. Qf2 Bd5 52. Bd3 Qc3 53. Qh4+ Ke6 54. Qh6+ Ke7 55. Qg5+ Ke8 56. Qh5+ Kd8 57. Qh4+ Ke8 58. Bf1 f3 59. Qh5+ Ke7 60. Qg5+ Ke6 61. Qg8+ Kd6 62. Qg3+ Ke6 63. gxf3 Qxf3 64. Qxf3 Bxf3 65. Bg2 Be2 66. b6 Ba6 67. Kf2 Ke5 68. h4 Kf4 69. Bf3 Bc8 70. h5 Kg5 71. Ke3 Ba6 72. Kd4 Kf6 73. Kc5 Kg5 74. Kd6 Kf6 75. Kc7 f4 76. Be2 Bxe2 77. b7 Bxh5 78. b8Q Kg5 79. Qg8+ Kf5 80. Qg2 f3 81. Qf2 Ke4 82. Kc6 Bf7 83. Kc5 Kf4 84. Kd4 Bh5 85. Qh2+ Kg5 86. Ke5 1-0

[Event "POL-chT 1st League"]
[Site "Poronin"]
[Date "2016.09.11"]
[Round "9.1"]
[White "Wieczorek, Zbigniew"]
[Black "Miroslaw, Michal"]
[Result "1-0"]
[WhiteElo "2305"]
[BlackElo "2312"]
[PlyCount "61"]
[EventDate "2016.09.03"]
[EventType "team-tourn"]
[EventRounds "9"]
[EventCountry "POL"]
[SourceTitle "CBM 174 Extra"]
[Source "ChessBase"]
[SourceDate "2016.10.10"]
[SourceVersion "1"]
[SourceVersionDate "2016.10.10"]
[SourceQuality "1"]
[WhiteTeam "Raciborz Silesia"]
[BlackTeam "Lublin Drakon"]
[WhiteTeamCountry "POL"]
[BlackTeamCountry "POL"]

1. g3 d5 2. Bg2 Nf6 3. Nf3 c6 4. d3 Bg4 5. 0-0 Nbd7 6. Nbd2 e5 7. e4 dxe4 8. dxe4 Bc5 9. c3 a5 10. Qc2 0-0 11. Nc4 Qc7 12. Ne3 Bxf3 13. Bxf3 Rfd8 14. Nf5 Bf8 15. Kg2 h6 16. g4 Kh7 17. h4 g6 18. Ng3 Nc5 19. g5 Ng8 20. h5 Ne6 21. hxg6+ fxg6 22. Rh1 Nf4+ 23. Bxf4 exf4 24. Ne2 Qe5 25. Rh4 Qxg5+ 26. Rg4 Qe5 27. Nxf4 Bd6 28. Nxg6 Qh2+ 29. Kf1 Bc5 30. e5 Rd3 31. Nf4 1-0

[Event "POL-chT 1st League"]
[Site "Poronin"]
[Date "2016.09.08"]
[Round "6.4"]
[White "Paszewski, Mateusz"]
[Black "Miroslaw, Michal"]
[Result "1-0"]
[WhiteElo "2272"]
[BlackElo "2312"]
[PlyCount "137"]
[EventDate "2016.09.03"]
[EventType "team-tourn"]
[EventRounds "9"]
[EventCountry "POL"]
[SourceTitle "CBM 174 Extra"]
[Source "ChessBase"]
[SourceDate "2016.10.10"]
[SourceVersion "1"]
[SourceVersionDate "2016.10.10"]
[SourceQuality "1"]
[WhiteTeam "Czestochowa Hetman"]
[BlackTeam "Lublin Drakon"]
[WhiteTeamCountry "POL"]
[BlackTeamCountry "POL"]

1. c4 e5 2. g3 Nf6 3. Bg2 d5 4. cxd5 Nxd5 5. Nc3 Nb6 6. Nf3 Nc6 7. 0-0 Be7 8. a3 a5 9. d3 0-0 10. Be3 Be6 11. Rc1 Nd5 12. Nxd5 Bxd5 13. Qa4 f6 14. Qb5 a4 15. Nd2 Bxg2 16. Kxg2 Qc8 17. Ne4 f5 18. Nd2 Ra5 19. Qc4+ Kh8 20. f3 Bf6 21. Rc2 Qd7 22. Nb1 Rc8 23. b4 axb3 24. Qxb3 b6 25. Rfc1 Ne7 26. Nc3 b5 27. Bc5 c6 28. Qf7 Qe8 29. Qxe8+ Rxe8 30. Nb1 Bg5 31. Bxe7 Bxe7 32. Rxc6 Bxa3 33. Rc8 Rg8 34. Nxa3 Rxa3 35. Rxg8+ Kxg8 36. Rc8+ Kf7 37. Rc5 Ra2 38. Kf2 Kf6 39. Rxb5 Rc2 40. Rb6+ Kf7 41. h4 h5 42. Rb4 Kf6 43. Ke3 Rc1 44. Rb6+ Kf7 45. f4 exf4+ 46. Kxf4 Rf1+ 47. Kg5 Rg1 48. Kxf5 Rxg3 49. Rb7+ Kf8 50. d4 Re3 51. Rb2 Ke7 52. Kf4 Rh3 53. e4 Rxh4+ 54. Ke5 Rg4 55. Rb7+ Ke8 56. d5 Rg1 57. Ke6 Rg6+ 58. Kf5 Rf6+ 59. Kg5 Rf1 60. e5 Rg1+ 61. Kf5 Kd8 62. d6 Kc8 63. Rc7+ Kd8 64. e6 Rf1+ 65. Kg5 Rg1+ 66. Kxh5 Rh1+ 67. Kg4 Rg1+ 68. Kh3 Re1 69. e7+ 1-0

[Event "POL-chT 1st League"]
[Site "Poronin"]
[Date "2016.09.07"]
[Round "5.3"]
[White "Miroslaw, Michal"]
[Black "Malecki, Rafal"]
[Result "1-0"]
[WhiteElo "2312"]
[BlackElo "2027"]
[PlyCount "63"]
[EventDate "2016.09.03"]
[EventType "team-tourn"]
[EventRounds "9"]
[EventCountry "POL"]
[SourceTitle "CBM 174 Extra"]
[Source "ChessBase"]
[SourceDate "2016.10.10"]
[SourceVersion "1"]
[SourceVersionDate "2016.10.10"]
[SourceQuality "1"]
[WhiteTeam "Lublin Drakon"]
[BlackTeam "Chroscice Victoria"]
[WhiteTeamCountry "POL"]
[BlackTeamCountry "POL"]

1. e4 d6 2. d4 Nc6 3. Nf3 Nf6 4. Nc3 Bg4 5. d5 Nb8 6. Be3 g6 7. Qd2 Bxf3 8. gxf3 Nbd7 9. 0-0-0 c5 10. Bh3 Qa5 11. Kb1 b5 12. Rde1 Bg7 13. Bh6 0-0 14. Bxg7 Kxg7 15. Bxd7 Nxd7 16. f4 Nb6 17. h4 Na4 18. Rh3 Qb4 19. Qc1 Nxc3+ 20. Rxc3 Qd4 21. Rce3 a5 22. h5 a4 23. c3 Qf6 24. Rh3 b4 25. Reh1 Rh8 26. c4 Qd4 27. Qc2 f6 28. Rd1 b3 29. axb3 axb3 30. Rxb3 Ra4 31. Rxd4 Rha8 32. Ra3 1-0

[Event "POL-chT 1st League"]
[Site "Jastrzebia Gora"]
[Date "2015.09.13"]
[Round "9.3"]
[White "Miroslaw, Michal"]
[Black "Gazik, Igor"]
[Result "1/2-1/2"]
[WhiteElo "2283"]
[BlackElo "2318"]
[PlyCount "85"]
[EventDate "2015.09.05"]
[EventType "team-tourn"]
[EventRounds "9"]
[EventCountry "POL"]
[SourceTitle "EXT 2016"]
[Source "ChessBase"]
[SourceDate "2015.10.08"]
[SourceVersion "1"]
[SourceVersionDate "2015.10.08"]
[SourceQuality "1"]
[WhiteTeam "Lublin Drakon"]
[BlackTeam "Dabrowa Gornicza Zaglebie"]
[WhiteTeamCountry "POL"]
[BlackTeamCountry "POL"]

1. e4 Nf6 2. e5 Nd5 3. d4 d6 4. c4 Nb6 5. exd6 exd6 6. Nc3 Nc6 7. Be3 Be7 8. Be2 0-0 9. Nf3 Bf6 10. Ne4 Be7 11. Nc3 Re8 12. 0-0 Bf6 13. Rc1 d5 14. c5 Nc4 15. Nxd5 Nxe3 16. Nxf6+ Qxf6 17. fxe3 Qh6 18. Bc4 Rxe3 19. Rc3 Rxc3 20. bxc3 Be6 21. d5 Qe3+ 22. Kh1 Qxc5 23. dxe6 Qxc4 24. exf7+ Qxf7 25. Ng5 Qc4 26. Re1 h6 27. Ne6 Qxc3 28. h3 Re8 29. Re4 Kh8 30. Qd7 Rg8 31. Qxc7 b5 32. Nf4 Rd8 33. Re6 Rd1+ 34. Kh2 Qc5 35. Re8+ Kh7 36. Qc8 Rh1+ 37. Kxh1 Qc1+ 38. Kh2 Qxf4+ 39. Kg1 Qc1+ 40. Kf2 Qf4+ 41. Kg1 Qc1+ 42. Kf2 Qf4+ 43. Kg1 1/2-1/2

[Event "POL-chT 1st League"]
[Site "Jastrzebia Gora"]
[Date "2015.09.11"]
[Round "7.10"]
[White "Sabuk, Piotr"]
[Black "Miroslaw, Michal"]
[Result "1/2-1/2"]
[WhiteElo "2333"]
[BlackElo "2283"]
[PlyCount "127"]
[EventDate "2015.09.05"]
[EventType "team-tourn"]
[EventRounds "9"]
[EventCountry "POL"]
[SourceTitle "EXT 2016"]
[Source "ChessBase"]
[SourceDate "2015.10.08"]
[SourceVersion "1"]
[SourceVersionDate "2015.10.08"]
[SourceQuality "1"]
[WhiteTeam "Legnica Miedz"]
[BlackTeam "Lublin Drakon"]
[WhiteTeamCountry "POL"]
[BlackTeamCountry "POL"]

1. d4 d6 2. c4 e5 3. Nf3 e4 4. Nfd2 f5 5. e3 Nf6 6. Be2 g6 7. Nc3 Bh6 8. b4 c6 9. d5 0-0 10. Bb2 Qe7 11. c5 Nxd5 12. Nc4 dxc5 13. Nxd5 cxd5 14. Qxd5+ Be6 15. Qxc5 Qxc5 16. bxc5 Nd7 17. Ba3 Nxc5 18. 0-0 b6 19. Rfd1 Rfd8 20. Bxc5 bxc5 21. Rxd8+ Rxd8 22. Rb1 Rd7 23. Rb8+ Bf8 24. g3 Bd5 25. Kg2 Kg7 26. h4 Be7 27. a3 Kf6 28. Kf1 Rb7 29. Rxb7 Bxb7 30. Ke1 Ke6 31. Kd2 Ba6 32. Kc2 Bd8 33. Kb3 Bb5 34. Bf1 h5 35. Be2 Kf6 36. Kc2 g5 37. hxg5+ Kxg5 38. Kd2 h4 39. gxh4+ Kxh4 40. Ke1 Bf6 41. Kf1 Kg5 42. Kg2 f4 43. exf4+ Kxf4 44. Kf1 Bd4 45. Kg2 a6 46. Kf1 Bd7 47. Nb6 Bh3+ 48. Ke1 a5 49. Nc4 Be6 50. Kf1 Bc3 51. Kg2 Bd5 52. Kf1 Bc6 53. Bd1 Bd7 54. Kg2 Bg4 55. Bxg4 Kxg4 56. Ne3+ Kg5 57. f3 Bd4 58. Nc4 e3 59. Kf1 Kf4 60. Ke2 a4 61. Nb6 Kg3 62. Nc4 Kf4 63. Nb6 Kg3 64. Nc4 1/2-1/2

[Event "POL-chT 1st League"]
[Site "Jastrzebia Gora"]
[Date "2015.09.05"]
[Round "1.28"]
[White "Schmidt, Wlodzimierz"]
[Black "Miroslaw, Michal"]
[Result "1/2-1/2"]
[WhiteElo "2305"]
[BlackElo "2283"]
[PlyCount "112"]
[EventDate "2015.09.05"]
[EventType "team-tourn"]
[EventRounds "9"]
[EventCountry "POL"]
[SourceTitle "EXT 2016"]
[Source "ChessBase"]
[SourceDate "2015.10.08"]
[SourceVersion "1"]
[SourceVersionDate "2015.10.08"]
[SourceQuality "1"]
[WhiteTeam "Gliwice Akademia Szachowa"]
[BlackTeam "Lublin Drakon"]
[WhiteTeamCountry "POL"]
[BlackTeamCountry "POL"]

1. Nf3 Nf6 2. c4 d6 3. d4 Bg4 4. Qb3 Qc8 5. g3 Nbd7 6. Bg2 c6 7. Nc3 e5 8. Be3 Be7 9. h3 Bxf3 10. exf3 exd4 11. Bxd4 Nc5 12. Qc2 Ne6 13. Be3 0-0 14. 0-0 d5 15. Ne2 dxc4 16. Qxc4 Nd5 17. Kh2 Bf6 18. Qb3 Qc7 19. Nc3 Bxc3 20. bxc3 Rad8 21. Rad1 Nxe3 22. fxe3 Rxd1 23. Rxd1 Rd8 24. Rxd8+ Nxd8 25. f4 Ne6 26. e4 a5 27. e5 b5 28. Qd1 g6 29. Qf3 c5 30. f5 gxf5 31. Qxf5 Qd8 32. Qg4+ Kh8 33. Qe2 b4 34. cxb4 axb4 35. Be4 Qd4 36. Bd3 Kg7 37. h4 h6 38. Bc4 Nd8 39. Bb3 Kf8 40. Kh3 Ke7 41. Kh2 Nc6 42. e6 Ne5 43. exf7 Qd2 44. Qxd2 Nf3+ 45. Kh3 Nxd2 46. Be6 c4 47. Kg4 c3 48. Bf5 Kxf7 49. Kf4 b3 50. axb3 Nxb3 51. Ke3 Kf6 52. Bh7 Ke5 53. g4 Nd4 54. g5 hxg5 55. hxg5 c2 56. Bxc2 Nxc2+ 1/2-1/2

[Event "POL-chT1"]
[Site "Poronin"]
[Date "2014.09.06"]
[Round "8.1"]
[White "Warakomski, Tomasz"]
[Black "Miroslaw, Michal"]
[Result "1-0"]
[WhiteElo "2476"]
[BlackElo "2333"]
[PlyCount "73"]
[EventDate "2014.08.31"]
[EventType "team-tourn"]
[EventRounds "9"]
[EventCountry "POL"]
[SourceTitle "CBM 162 Extra"]
[Source "ChessBase"]
[SourceDate "2014.10.17"]
[SourceVersion "1"]
[SourceVersionDate "2014.10.17"]
[SourceQuality "1"]
[WhiteTeam "Gliwice Akademia Szachowa II"]
[BlackTeam "Lublin Drakon SKOK Chmielewskiego"]
[WhiteTeamCountry "POL"]
[BlackTeamCountry "POL"]

1. e4 c6 2. d4 g6 3. Nc3 Bg7 4. f4 d5 5. e5 h5 6. Nf3 Nh6 7. Be2 Bg4 8. Be3 e6 9. Qd2 Nd7 10. Bf2 Bxf3 11. Bxf3 Qc7 12. h3 0-0-0 13. 0-0-0 Qa5 14. Kb1 Kb8 15. g4 c5 16. gxh5 gxh5 17. Bxh5 f6 18. exf6 Nxf6 19. Bg6 c4 20. Rde1 Rd6 21. f5 Ra6 22. fxe6 b5 23. a3 b4 24. Na2 c3 25. Qf4+ Ka8 26. Nxb4 cxb2 27. Nxa6 Qxa3 28. Nc7+ Kb7 29. c3 Rc8 30. Bg3 Kc6 31. e7 Qa1+ 32. Kc2 Qa4+ 33. Kd2 Nhg8 34. e8Q+ Nxe8 35. Bxe8+ Rxe8 36. Qd6+ Kb7 37. Qxd5+ 1-0

[Event "POL-chT1"]
[Site "Poronin"]
[Date "2014.09.03"]
[Round "4.1"]
[White "Miroslaw, Michal"]
[Black "Wieczorek, Oskar"]
[Result "0-1"]
[WhiteElo "2333"]
[BlackElo "2407"]
[PlyCount "77"]
[EventDate "2014.08.31"]
[EventType "team-tourn"]
[EventRounds "9"]
[EventCountry "POL"]
[SourceTitle "CBM 162 Extra"]
[Source "ChessBase"]
[SourceDate "2014.10.17"]
[SourceVersion "1"]
[SourceVersionDate "2014.10.17"]
[SourceQuality "1"]
[WhiteTeam "Lublin Drakon SKOK Chmielewskiego"]
[BlackTeam "Wroclaw Polonia II"]
[WhiteTeamCountry "POL"]
[BlackTeamCountry "POL"]

1. e4 c5 2. Nf3 Nc6 3. d4 cxd4 4. Nxd4 Nf6 5. Nc3 d6 6. Be2 e5 7. Nb3 Be7 8. 0-0 0-0 9. f4 a5 10. a4 Nb4 11. Bf3 Be6 12. Kh1 Qb6 13. f5 Bc4 14. Be2 d5 15. Bxc4 dxc4 16. Nd2 Qd4 17. Nb5 Qc5 18. Ra3 Rfd8 19. Qe2 Nxc2 20. Rc3 Nd4 21. Nxd4 Rxd4 22. Rxc4 Qb6 23. Nf3 Rxc4 24. Qxc4 Qc5 25. Qxc5 Bxc5 26. Nxe5 Nxe4 27. g3 Rc8 28. Bf4 Bd4 29. Nd3 g5 30. fxg6 hxg6 31. Be5 Bb6 32. Re1 f5 33. Re2 Rd8 34. Ne1 Re8 35. Nf3 g5 36. Bd4 g4 37. Bxb6 gxf3 38. Rc2 Re6 39. Rc8+ 0-1